[Event "8th Parsvnath Open"]
[Site "New Delhi IND"]
[Date "2010.01.16"]
[Round "5"]
[White "Choudhary,J"]
[Black "Vaibhav,S"]
[Result "0-1"]
[WhiteElo "2169"]
[BlackElo "2326"]

1.e4 c5 2.Nf3 e6 3.d4 cxd4 4.Nxd4 Nc6 5.Nc3 Qc7 6.g3 a6 7.Bg2 d6 8.O-O Bd7
9.Re1 Be7 10.Nxc6 Bxc6 11.Qg4 h5 12.Qe2 h4 13.Qg4 hxg3 14.hxg3 Kf8 15.Bg5 Nf6
16.Qf4 Qb6 17.Rab1 Qc5 18.Bf3 Nh5 19.Bxe7+ Kxe7 20.Qe3 Qxe3 21.Rxe3 Rac8
22.Kg2 Nf6 23.Rd1 g5 24.Nd5+ Bxd5 25.exd5 Rxc2 26.dxe6 fxe6 27.Rde1 e5 28.Rb3 b5
29.Ree3 Ke6 30.a4 g4 31.Be2 bxa4 32.Rb4 Rf8 33.Rxa4 Rxb2 34.Rxa6 Rd2 35.Kf1 e4
36.Ke1 Rd4 37.f3 gxf3 38.Bxf3 Ke5 39.Be2 Nd5 40.Ra5 Rc8 41.Rb3 Rc1+ 42.Kf2 Rd2
43.Re3 Rcc2 44.Kf1 Kd4 45.Rxd5+ Kxd5 46.g4 Ke5 47.g5 Rxe2  0-1

[Event "ch-POL"]
[Site "Warsaw POL"]
[Date "2010.01.16"]
[Round "8"]
[White "Olszewski,Mi"]
[Black "Jakubowski,K"]
[Result "0-1"]
[WhiteElo "2562"]
[BlackElo "2502"]

1.e4 c5 2.Nf3 e6 3.d4 cxd4 4.Nxd4 Nc6 5.Nc3 Qc7 6.f4 a6 7.Be3 d6 8.Qf3 Nxd4
9.Bxd4 Ne7 10.O-O-O Nc6 11.Bc4 b5 12.Bb3 b4 13.Na4 Rb8 14.f5 Nxd4 15.Rxd4 e5
16.Rc4 Qa7 17.c3 a5 18.cxb4 axb4 19.Kb1 Ba6 20.Rc2 Be7 21.Rhc1 O-O 22.Bd5 Bg5
23.Rc7 Bb7 24.f6 Bxf6 25.Qb3 Bg5 26.Rd1 Qa6 27.Bxb7 Rxb7 28.Rxb7 Qxb7 29.Nc3 Rb8
30.Nd5 Qb5 31.Qc2 g6 32.g3 h5 33.h4 Bd8 34.Qd3 Qxd3+ 35.Rxd3 f5 36.exf5 gxf5
37.Ne3 Bb6 38.Nxf5 Bc5 39.Kc2 Rd8 40.Kb3 d5 41.Rd1 Kf7 42.Ka4 Bf8 43.Ne3 Ke6
44.Kb5 e4 45.Nc2 Rb8+ 46.Ka4 Bc5 47.a3 bxa3 48.b4 Bf2 49.Kxa3 Ke5 50.Kb3 d4
51.Ra1 d3 52.Ra5+ Ke6 53.Na3 e3 54.Nc4 e2 55.Ra6+ Kf5 56.Ra5+ Kf6 57.Ra6+ Kg7  0-1

[Event "Vanderley Cason Melo Mem"]
[Site "Campinas BRA"]
[Date "2010.01.17"]
[Round "3"]
[White "Matsuura,E"]
[Black "El Debs,F"]
[Result "1/2-1/2"]
[WhiteElo "2467"]
[BlackElo "2480"]

1.e4 c5 2.Nf3 e6 3.d4 cxd4 4.Nxd4 Nc6 5.Nc3 Qc7 6.Be2 a6 7.O-O Nf6 8.Be3 Bb4
9.Na4 Bd6 10.g3 b5 11.Nb6 Rb8 12.Nxc8 Rxc8 13.a4 Nxd4 14.Bxd4 e5 15.Be3 Bc5
16.Qd3 Bxe3 17.Qxe3 Qc6 18.axb5 axb5 19.Bd3 O-O 20.Ra5 Rb8 21.Qe2 Rfc8 22.c3 b4
23.cxb4 Rxb4 24.Rxe5 Rcb8 25.Ra5 Rxb2 26.Qe3 Qc3 27.Rc5 Qd2 28.Qf3 R2b3 29.Rd1 Qb4
30.Rdc1 Qa3 31.e5 Ne8 32.R1c3 Rxc3 33.Rxc3 Qe7 34.Bc4  1/2-1/2

[Event "Porzellancup"]
[Site "Dresden GER"]
[Date "2010.01.17"]
[Round "9"]
[White "Paehtz,T sr"]
[Black "Jaracz,P"]
[Result "1/2-1/2"]
[WhiteElo "2440"]
[BlackElo "2532"]

1.e4 c5 2.Nf3 e6 3.d4 cxd4 4.Nxd4 Nc6 5.Nc3 Qc7 6.Nxc6 bxc6 7.Bd3 d5 8.O-O Nf6
9.Qe2 Be7 10.b3 O-O  1/2-1/2

[Event "Vanderley Cason Melo Mem"]
[Site "Campinas BRA"]
[Date "2010.01.18"]
[Round "4"]
[White "Leitao,R"]
[Black "De Nucci,G"]
[Result "1-0"]
[WhiteElo "2620"]
[BlackElo "2073"]

1.e4 c5 2.Nf3 Nc6 3.d4 cxd4 4.Nxd4 e6 5.Nc3 a6 6.Be3 Nf6 7.a3 d6 8.Be2 Be7
9.O-O Bd7 10.f4 Nxd4 11.Bxd4 Bc6 12.Qd3 O-O 13.Rad1 Nd7 14.Qg3 Bf6 15.Kh1 e5
16.Be3 exf4 17.Bxf4 Ne5 18.Nd5 Bxd5 19.Rxd5 Rc8 20.c4 Qe7 21.Rfd1 Nxc4 22.Bxc4 Rxc4
23.Rxd6 Bh4 24.Qd3 Rxe4 25.g3 Bf6 26.Rd7 Re1+ 27.Rxe1 Qxe1+ 28.Kg2 Re8 29.Qd5 Qe2+
30.Kh3 Qf1+ 31.Qg2 Qxg2+ 32.Kxg2  1-0

[Event "76th ch-BLR"]
[Site "Minsk BLR"]
[Date "2010.01.18"]
[Round "7"]
[White "Kolesnik,E"]
[Black "Lutsko,I"]
[Result "1-0"]
[WhiteElo "2374"]
[BlackElo "2415"]

1.e4 c5 2.Nf3 e6 3.d4 cxd4 4.Nxd4 Nc6 5.Nc3 a6 6.Be3 Nf6 7.Bd3 Qc7 8.O-O b5
9.a4 b4 10.Nce2 Nxd4 11.Bxd4 Ng4 12.Ng3 Ne5 13.Be2 Bb7 14.f4 Nc6 15.Be3 Be7
16.Bd3 g6 17.e5 d6 18.exd6 Qxd6 19.Ne4 Qd5 20.Kh1 f5 21.c4 Qa5 22.Nd2 Kf7
23.c5 Bf6 24.Nc4 Qc7 25.Nd6+ Kg7 26.Bc4 Bxb2 27.Ra2 Bf6 28.Re2 Bc8 29.Bg1 Nd8
30.Rfe1 Rf8 31.Bd4 Bd7 32.h3 h5 33.g4 hxg4 34.hxg4 fxg4 35.Rh2 Bc6+ 36.Kg1 Qe7
37.f5 Rh8 38.Qxg4 Rxh2 39.Qxg6+ Kf8 40.Bxf6 Qh7 41.Qxh7 Rxh7 42.fxe6 Rh1+
43.Kf2 Rxe1 44.Kxe1 Nxe6 45.Bxe6 Bxa4 46.Kd2 Ra7 47.Kd3 Rh7 48.Ke4 Rh1 49.Bd5 Rc1
50.Kd4 b3 51.Nc4 Bb5 52.Na3 b2 53.Be4 Kf7 54.Bg5 Ke6 55.Bd2 Ra1 56.Nb1 Ra4+
57.Ke3 Rc4 58.Bc3 Be8 59.Bd4 a5 60.Bd3 Rb4 61.Na3 Kd5 62.Be4+ Ke6 63.Bc3 Rb3
64.Nb1 a4 65.Kd4 Rb8 66.Bd5+ Kd7 67.c6+ Kc7 68.Ba5+ Kd6 69.Bd2 Rc8 70.Bb4+ Kc7
71.Kc5 Ra8 72.Na3 Bg6 73.Nb5+ Kc8 74.Ba5 b1=Q 75.Be6+  1-0

[Event "Vanderley Cason Melo Mem"]
[Site "Campinas BRA"]
[Date "2010.01.19"]
[Round "5"]
[White "Zambrana,O"]
[Black "Leitao,R"]
[Result "1/2-1/2"]
[WhiteElo "2481"]
[BlackElo "2620"]

1.e4 c5 2.Nf3 Nc6 3.d4 cxd4 4.Nxd4 e6 5.Nc3 a6 6.Nxc6 bxc6 7.Bd3 d5 8.O-O Nf6
9.Re1 Be7 10.e5 Nd7 11.Qg4 g6 12.b3 h5 13.Qe2 Nxe5 14.Qxe5 Bf6 15.Qf4 Bxc3
16.Ba3 f5 17.Rad1 Kf7 18.h4 Qa5 19.Qd6 Ra7 20.Re3 Bd4 21.Qf4 c5 22.Bxf5 gxf5
23.Rxd4 Qxa3 24.Rg3 cxd4 25.Qxd4 Rh7 26.Qxa7+ Qe7 27.Qb8 Qb7 28.Qf4 Qe7 29.Qb8 Qe8
30.Qa7+ Bd7 31.Qxa6 Rg7 32.Rxg7+ Kxg7 33.Qd6 Kf6 34.a4 Qc8 35.a5 Bb5 36.Qb4 Ba6
37.Qd2 Ke7 38.Qg5+ Kd6 39.Qf4+ Kd7 40.Qd4 Qc7 41.Qg7+ Kc6 42.Qg8 Kd6 43.Qg3+ Kc6
44.Qg8 Kd6 45.Qg3+  1/2-1/2

[Event "8th Parsvnath Open"]
[Site "New Delhi IND"]
[Date "2010.01.19"]
[Round "8"]
[White "Priyadharshan,K"]
[Black "Fenil,S"]
[Result "1-0"]
[WhiteElo "2362"]
[BlackElo "2201"]

1.e4 c5 2.Nf3 e6 3.Nc3 Nc6 4.d4 cxd4 5.Nxd4 Qc7 6.Be3 a6 7.Qd2 Nf6 8.O-O-O Be7
9.f3 h5 10.Qf2 d6 11.Na4 Ne5 12.Nb3 b5 13.Nb6 Rb8 14.Nxc8 Rxc8 15.Bd3 Nc4
16.Kb1 Nxe3 17.Qxe3 Nd7 18.f4 Qb6 19.Qe2 Bf6 20.Rhf1 Rb8 21.Qd2 Nc5 22.Nxc5 Qxc5
23.Be2 Rd8 24.Rf3 h4 25.Rd3 O-O 26.Bf3 Be7 27.g3 b4 28.gxh4 Bxh4 29.Qg2 g6
30.Qg4 Bf2 31.h4 Kg7 32.Rh1 Rh8 33.Rd2 Be3 34.Rg2 Kf8 35.Rgh2 Qh5 36.Qg2 Qc5
37.Qg3 Ke7 38.Bg4 Bd4 39.h5 gxh5 40.Rxh5 Rxh5 41.Rxh5 Qc4 42.Rh1 Rg8 43.Qf3 Bf6
44.Rd1 Rc8 45.Qg2 Rg8 46.e5 dxe5 47.Qb7+ Kf8 48.Bh5 Be7 49.Rd8+ Kg7 50.Qg2+ Kh7
51.Rxg8  1-0

[Event "8th Parsvnath Open"]
[Site "New Delhi IND"]
[Date "2010.01.19"]
[Round "8"]
[White "Kravtsiv,M"]
[Black "Ashwin,J"]
[Result "1-0"]
[WhiteElo "2545"]
[BlackElo "2434"]

1.e4 c5 2.Nf3 e6 3.d4 cxd4 4.Nxd4 Nc6 5.Nc3 Qc7 6.Be3 a6 7.Be2 Nf6 8.O-O Be7
9.f4 d6 10.a4 O-O 11.Kh1 Re8 12.Bd3 Nb4 13.a5 Bd7 14.Nf3 Rac8 15.Bb6 Qb8
16.Bd4 Bc6 17.Qe1 Nd7 18.Qg3 Bf8 19.Bg1 Qc7 20.Nd2 g6 21.Bd4 e5 22.fxe5 dxe5
23.Be3 Nxd3 24.cxd3 Nc5 25.Nc4 Rcd8 26.Rad1 Na4 27.Nxa4 Bxa4 28.Bb6 Qb8 29.Ra1 Bb5
30.Bxd8 Qxd8 31.Nxe5 Bg7 32.Nxf7 Qxd3 33.Nd6 Qxg3 34.hxg3 Re5 35.Nxb5 Rxb5
36.Rad1 Bxb2 37.Rd5 Bc3 38.Rxb5 axb5 39.Rb1 b4 40.Rd1 b3 41.Rd7 Bxa5 42.Rxb7 h5
43.Kg1 Bc7 44.Rxc7  1-0

[Event "8th Parsvnath Open"]
[Site "New Delhi IND"]
[Date "2010.01.19"]
[Round "8"]
[White "Manik,M"]
[Black "Rahman,Zia"]
[Result "0-1"]
[WhiteElo "2435"]
[BlackElo "2548"]

1.e4 c5 2.Nf3 e6 3.d4 cxd4 4.Nxd4 Nc6 5.Nc3 Qc7 6.Be3 a6 7.Qd2 Nf6 8.O-O-O Bb4
9.f3 O-O 10.a3 Be7 11.g4 b5 12.g5 Ne8 13.Kb1 b4 14.axb4 Bxb4 15.Nxc6 Qxc6
16.Qd4 Rb8 17.Ne2 Nc7 18.Qd3 e5 19.Nc1 d6 20.Qc4 Qb7 21.Nd3 a5 22.Qb3 Be6
23.Qa4 Bc3 24.b3 Rfd8 25.Nc1 Bd7 26.Qa3 Bb4 27.Qb2 a4 28.Na2 axb3 29.cxb3 Be6
30.Nc1 Ra8 31.Bc4 d5 32.exd5 Nxd5 33.Bd2 Bf5+  0-1

[Event "8th Parsvnath Open"]
[Site "New Delhi IND"]
[Date "2010.01.19"]
[Round "8"]
[White "Negi,V"]
[Black "Joshi,GB"]
[Result "0-1"]
[WhiteElo "2078"]
[BlackElo "2272"]

1.e4 c5 2.Nf3 Nc6 3.d4 cxd4 4.Nxd4 e6 5.Nc3 Qc7 6.Be3 a6 7.Qd2 Nf6 8.f3 b5
9.O-O-O Bb4 10.a3 Be7 11.g4 h6 12.h4 b4 13.axb4 Bxb4 14.Be2 Rb8 15.Bf4 Bxc3
16.bxc3 Qa5 17.Qe3  0-1

[Event "8th Parsvnath Open"]
[Site "New Delhi IND"]
[Date "2010.01.19"]
[Round "8"]
[White "Himanshu,Sh"]
[Black "Lakshmanrao,D"]
[Result "1-0"]
[WhiteElo "2457"]
[BlackElo "2213"]

1.e4 c5 2.Nf3 Nc6 3.Nc3 e6 4.d4 cxd4 5.Nxd4 Qc7 6.Be3 a6 7.Qd2 Nf6 8.O-O-O Be7
9.f3 b5 10.g4 h6 11.Rg1 Bb7 12.h4 Rc8 13.Kb1 Nxd4 14.Bxd4 e5 15.Be3 Bb4 16.g5 Bxc3
17.bxc3 hxg5 18.hxg5 Ng8 19.Rg3 d5 20.exd5 Qxc3 21.d6 Qxd2 22.Bxd2 Bc6 23.Bc3 f6
24.Bd3 Bd7 25.Bg6+ Kf8 26.Kb2 Rh4 27.gxf6 gxf6 28.Be4 b4 29.Be1 Rh1 30.Bd5 Rh8
31.Bd2 f5 32.Rxg8+  1-0

[Event "Vanderley Cason Melo Mem"]
[Site "Campinas BRA"]
[Date "2010.01.20"]
[Round "7"]
[White "Matsuura,E"]
[Black "Leitao,R"]
[Result "1/2-1/2"]
[WhiteElo "2467"]
[BlackElo "2620"]

1.e4 c5 2.Nf3 Nc6 3.d4 cxd4 4.Nxd4 e6 5.Nc3 Qc7 6.Be2 a6 7.O-O Nf6 8.Be3 Be7
9.f4 d6 10.Qe1 O-O 11.Qg3 Nxd4 12.Bxd4 b5 13.a3 Bb7 14.Rae1 Rad8 15.Kh1 Rd7
16.Bf3 Rc8 17.e5 dxe5 18.Bxe5 Qb6 19.Ne4 Bxe4  1/2-1/2

[Event "Vanderley Cason Melo Mem"]
[Site "Campinas BRA"]
[Date "2010.01.21"]
[Round "9"]
[White "Matsuura,E"]
[Black "Zambrana,O"]
[Result "1-0"]
[WhiteElo "2467"]
[BlackElo "2481"]

1.e4 c5 2.Nf3 e6 3.d4 cxd4 4.Nxd4 Nc6 5.Nc3 Qc7 6.Be2 a6 7.O-O Nf6 8.Be3 Bb4
9.Na4 Be7 10.c4 Nxe4 11.c5 O-O 12.Rc1 Rb8 13.g3 g6 14.Nb6 Nf6 15.Bg5 Rd8
16.Re1 Ne8 17.Bf4 d6 18.Bf3 Bf6 19.Nxc6 bxc6 20.Nc4 Qa7 21.cxd6 Bd4 22.Be3 c5
23.Bxd4 cxd4 24.Ne5 Rxd6 25.Nc6 Qc7 26.Nxb8 Qxb8 27.Rc4 d3 28.Rc3 d2 29.Re2 e5
30.Rxd2 Be6 31.Rxd6 Nxd6 32.Rd3  1-0

[Event "IMB1"]
[Site "Marianske Lazne CZE"]
[Date "2010.01.22"]
[Round "8"]
[White "Wieczorek,O"]
[Black "Flumbort,A"]
[Result "1/2-1/2"]
[WhiteElo "2310"]
[BlackElo "2515"]

1.e4 c5 2.Nf3 Nc6 3.d4 cxd4 4.Nxd4 e6 5.Nc3 d6 6.Be2 Nf6 7.Be3 Be7 8.O-O O-O
9.f4 e5 10.fxe5 dxe5 11.Nf5 Bxf5 12.Rxf5 Rc8 13.Bd3 Bb4 14.Bg5 Bxc3 15.bxc3 Qb6+
16.Kh1 Ne8 17.Bc4 Rc7 18.Bb3 Qc5 19.Qd3 Kh8 20.Rd1 b6 21.Bh4 f6 22.Qh3 Na5
23.Bd5 Qe7 24.Rdf1 Nc4  1/2-1/2

[Event "8th Parsvnath Open"]
[Site "New Delhi IND"]
[Date "2010.01.22"]
[Round "11"]
[White "Ashwin,J"]
[Black "Fenil,S"]
[Result "1-0"]
[WhiteElo "2434"]
[BlackElo "2201"]

1.e4 c5 2.Nf3 e6 3.d4 cxd4 4.Nxd4 Nc6 5.Nc3 Qc7 6.Be3 a6 7.Be2 Nf6 8.a3 Be7
9.f4 d6 10.g4 Nd7 11.g5 b5 12.Qd2 Bb7 13.O-O-O Nc5 14.Kb1 Nxd4 15.Qxd4 e5
16.Qb4 exf4 17.Bxf4 Ne6 18.Bxd6 Bxd6 19.Rxd6 O-O 20.Rhd1 Rfd8 21.h4 Rac8
22.Bg4 Re8 23.Rd7 Qb6 24.Qd6 Rc6 25.Qg3 Bc8 26.Bxe6 fxe6 27.Qe5  1-0

[Event "LX Abto de Verano"]
[Site "Villa Ballester ARG"]
[Date "2010.01.22"]
[Round "2"]
[White "Sosa,Tomas ARG"]
[Black "Perez Ponsa,F"]
[Result "0-1"]
[WhiteElo "1995"]
[BlackElo "2437"]

1.e4 c5 2.Nf3 e6 3.d4 cxd4 4.Nxd4 Nc6 5.Nc3 Qc7 6.Be2 a6 7.O-O Nf6 8.a3 b5
9.Kh1 Bb7 10.f4 Nxd4 11.Qxd4 Bc5 12.Qd3 d5 13.exd5 Nxd5 14.Nxd5 Bxd5 15.Qg3 O-O
16.Bd2 Bd4 17.c3 Bf6 18.Rae1 Rfd8 19.Bc1 Rd7 20.Qh3 Rad8 21.Bf3 g6 22.g4 Qc6
23.g5 Bg7 24.Be3 Qc4 25.Rd1 Qb3 26.Bxd5 Rxd5 27.Rxd5 Rxd5 28.Qg2 Qc4 29.Kg1 Bf8
30.Qf2 h6 31.h4 Rd3 32.Bd4 Bg7 33.Be3 Qe4 34.Re1 Qf5 35.Kg2 Bf8 36.Qf3 Bc5
37.Kg3 Bd6 38.Kf2 Bc5 39.Kg3 e5 40.Kg2 exf4 41.Qa8+ Kh7 42.Bxc5 f3+ 43.Kf2 Qxc5+
44.Kf1 Qf5  0-1

[Event "LX Abto de Verano"]
[Site "Villa Ballester ARG"]
[Date "2010.01.23"]
[Round "3"]
[White "Della Morte,G"]
[Black "Radoszta,A"]
[Result "1/2-1/2"]
[WhiteElo "2341"]
[BlackElo "2077"]

1.e4 c5 2.Nf3 Nc6 3.d4 cxd4 4.Nxd4 e6 5.Nc3 a6 6.Nxc6 bxc6 7.Bd3 Qc7 8.O-O Nf6
9.Qe2 d6 10.b3 Be7 11.Bb2 e5 12.Na4 O-O 13.c4 Bg4 14.f3 Be6 15.c5 Nd7 16.cxd6 Bxd6
17.Rac1 Rfc8 18.Rc2 a5 19.Rfc1 c5 20.Ba3 Qa7 21.Qf2 h6 22.Bc4 Nf8 23.Bd5 Bxd5
24.exd5 Nd7 25.Bxc5 Nxc5 26.Nxc5 Rd8 27.Na4 Qe7 28.Nb6 Rab8 29.Kh1 e4 30.fxe4 Qe5
31.g3 Qxe4+ 32.Kg1 Re8 33.Nc4 Bb4 34.a3 Be1 35.Qf4 Qxd5 36.Nd6 Red8 37.Rxe1 Rxd6
38.b4 axb4 39.axb4 Qd4+ 40.Qxd4 Rxd4 41.Rc7 Rdxb4 42.Ree7 Rf8  1/2-1/2

[Event "2nd Chennai Open"]
[Site "Chennai IND"]
[Date "2010.01.25"]
[Round "1"]
[White "Stany,G"]
[Black "Sivakumar,P"]
[Result "1-0"]
[WhiteElo "2349"]
[BlackElo "1766"]

1.e4 c5 2.Nf3 Nc6 3.d4 cxd4 4.Nxd4 e6 5.Nc3 Bb4 6.Nxc6 Bxc3+ 7.bxc3 bxc6
8.Qd4 Qf6 9.e5 Qd8 10.Ba3 Ne7 11.Bd3 Qa5 12.Bb4 Qd5 13.Be4 Qxd4 14.cxd4 Ba6
15.Kd2 Bc4 16.f3 f5 17.Bd3 Bxd3 18.Kxd3 Kf7 19.Bd6 Nd5 20.g3 f4 21.Rhb1 fxg3
22.hxg3 Rhc8 23.Rb7 Ke8 24.a4 a5 25.c3 h6 26.g4 Ra6 27.Rab1 Ne7 28.c4 Rca8
29.Bc5 Nc8 30.f4 Ne7 31.Rh1 Ng6 32.Ke4 Rc8 33.f5 exf5+ 34.gxf5 Nh8 35.Rg1 Nf7
36.Rxg7  1-0

[Event "III Carlos Gamarra Mem"]
[Site "Asuncion URU"]
[Date "2010.01.26"]
[Round "9"]
[White "Brito,L"]
[Black "Latorre,Man"]
[Result "0-1"]
[WhiteElo "2340"]
[BlackElo "2268"]

1.e4 c5 2.Nf3 e6 3.d4 cxd4 4.Nxd4 Nc6 5.Nc3 Qc7 6.Be3 a6 7.Bd3 Nf6 8.O-O Ne5
9.Nf3 Nfg4 10.Nxe5 Nxe3 11.Qf3 Qxe5 12.fxe3 f6 13.Rad1 Bc5 14.Bc4 b5 15.Bd3 Bb7
16.Kh1 Bc6 17.Qf4 b4 18.Ne2 Qxb2 19.c3 bxc3 20.Rc1 Qd2 21.Rxc3 Bb4 22.Rb3 Ba4
23.Rxb4 Qxb4 24.Rb1 Qa3 25.Rb8+ Kf7 26.Rxh8 Rxh8 27.Bxa6 Bc6 28.Bc4 Qb4 29.e5 Qe1+
30.Ng1 Qd2 31.Ne2 Qd1+ 32.Ng1 Qc2 33.Bf1 Ra8 34.Nh3 Qf5 35.Qxf5 exf5 36.Bc4+ Ke7
37.exf6+ Kxf6 38.Kg1 Ke5 39.Nf4 Be4 40.Bb3 Bb1 41.a4 Be4 42.Kf2 Rb8 43.Bc4 Rb2+
44.Kg3 g5 45.Ne2 Bc6 46.h4 Rb4  0-1

[Event "2nd Chennai Open"]
[Site "Chennai IND"]
[Date "2010.01.26"]
[Round "3"]
[White "Anand,R"]
[Black "Kulkarni,C"]
[Result "0-1"]
[WhiteElo "2044"]
[BlackElo "2339"]

1.e4 c5 2.Nf3 e6 3.d4 cxd4 4.Nxd4 Nc6 5.Nc3 Qc7 6.Be2 a6 7.O-O Nf6 8.Be3 Bb4
9.Nxc6 bxc6 10.Qd4 Bd6 11.h3 Rb8 12.Rad1 Be5 13.Qd3 Bf4 14.Bd4 c5 15.Bxf6 gxf6
16.g3 Be5 17.b3 Rb4 18.Nb1 Rd4 19.Qe3 Rg8 20.Kh2 Bxg3+ 21.Kh1 Rxe4 22.Qd3 Rh4  0-1

[Event "2nd Chennai Open"]
[Site "Chennai IND"]
[Date "2010.01.26"]
[Round "3"]
[White "Abhishek,K"]
[Black "Venkatesh,M"]
[Result "1/2-1/2"]
[WhiteElo "2246"]
[BlackElo "2432"]

1.e4 c5 2.Nf3 Nc6 3.Nc3 e6 4.d4 cxd4 5.Nxd4 Qc7 6.Be3 a6 7.Qd2 Nf6 8.O-O-O Be7
9.f3 O-O 10.g4 b5 11.g5 Ne8 12.Kb1 Bb7 13.h4 Ne5 14.Bf4 Bb4 15.Qh2 d6 16.Bxe5 dxe5
17.Nde2 Be7 18.Nc1 b4 19.N3e2 a5 20.Nd3 a4 21.Qxe5 Bd6 22.Qd4 e5 23.Qe3 Qa5
24.h5 b3 25.cxb3 axb3 26.axb3 Nc7 27.Bh3 Nb5 28.g6 Rfd8 29.gxf7+ Kxf7 30.Rhg1 Qa2+
31.Kc1 Qa1+ 32.Kc2 Na3+ 33.bxa3 Qa2+ 34.Nb2 Bxa3 35.Rxg7+ Kxg7 36.Qg5+ Kf7
37.Qf5+ Ke8 38.Qxe5+ Be7 39.Qb5+ Kf8 40.Rxd8+ Rxd8 41.Qf5+ Ke8 42.Qb5+  1/2-1/2

[Event "70th ch-ARM"]
[Site "Yerevan ARM"]
[Date "2010.01.28"]
[Round "7"]
[White "Petrosian,DG"]
[Black "Kotanjian,T"]
[Result "1/2-1/2"]
[WhiteElo "2501"]
[BlackElo "2537"]

1.e4 c5 2.Nf3 Nc6 3.Nc3 e6 4.d4 cxd4 5.Nxd4 Qc7 6.Be3 a6 7.Qd2 Nf6 8.O-O-O Be7
9.f3 O-O 10.g4 b5 11.g5 Ne8 12.Kb1 Ne5 13.h4 Bb7 14.Bd3 Bb4 15.h5 Bxc3 16.bxc3 Rc8
17.g6 Qxc3 18.Qh2 Nc4 19.Bc1 h6 20.Bxc4 bxc4 21.gxf7+ Rxf7 22.Rhg1 d6 23.Qd2 Qxd2
24.Bxd2 Rc5 25.Bxh6 Rxh5 26.Bg5 Bc8 27.f4 Nf6 28.Bxf6 Rxf6 29.Nc6 Kh7 30.Rxd6 Rxf4
31.Rd8 Bb7 32.Rd7 Bxc6 33.Rdxg7+ Kh8 34.Rg8+  1/2-1/2

[Event "8th Gibtelecom Masters"]
[Site "Caleta ENG"]
[Date "2010.01.29"]
[Round "4"]
[White "Geetha Narayanan Gopal"]
[Black "Javakhishvili,L"]
[Result "1-0"]
[WhiteElo "2584"]
[BlackElo "2493"]

1.e4 c5 2.Nf3 e6 3.d4 cxd4 4.Nxd4 Nc6 5.Nc3 Qc7 6.Be3 a6 7.Qd2 Nf6 8.O-O-O Be7
9.f3 h5 10.Nxc6 bxc6 11.Bf4 e5 12.Bg5 a5 13.f4 O-O 14.fxe5 Qxe5 15.Bf4 Qe6
16.e5 Ng4 17.Re1 Rb8 18.h3 Nh6 19.g4 Bh4 20.Rd1 f6 21.Qd6 Qxd6 22.exd6 g5
23.Bd2 Rb4 24.Bd3 hxg4 25.Ne2 gxh3 26.Bxb4 axb4 27.Rxh3 f5 28.Nd4 Rf6 29.Nf3 Bf2
30.Nxg5 Ng4 31.Nf3 Kg7 32.Nh4 Ne3 33.Rd2 Bxh4 34.Rxh4 c5 35.Re2 Re6 36.Kd2 Nf1+
37.Ke1 Ne3 38.Kf2 Nd1+ 39.Kg3 Rxd6 40.Re7+ Kg6 41.Rhh7 Rd5 42.Reg7+ Kf6 43.Rf7+ Kg6
44.Rhg7+ Kh6 45.Rg8 Rxd3+ 46.cxd3 Ba6 47.Rf6+ Kh7 48.Re8 Bb5 49.Re7+ Kg8
50.Rb6 Kf8 51.Re1 f4+ 52.Kh2  1-0

[Event "8th Gibtelecom Masters"]
[Site "Caleta ENG"]
[Date "2010.01.30"]
[Round "5"]
[White "Kosteniuk,A"]
[Black "Stebbings,A"]
[Result "1-0"]
[WhiteElo "2523"]
[BlackElo "2290"]

1.e4 c5 2.Nf3 e6 3.d4 cxd4 4.Nxd4 Nc6 5.Nc3 Qc7 6.Be2 a6 7.O-O Nf6 8.Be3 Bb4
9.Na4 O-O 10.Nxc6 bxc6 11.f4 Rb8 12.Bd3 Be7 13.c4 c5 14.Qc2 d6 15.Rad1 Nd7
16.Nc3 g6 17.f5 Bf6 18.Bh6 Re8 19.e5 Bxe5 20.fxg6 f5 21.Bxf5 Nf6 22.gxh7+ Kh8
23.Bg6 Rd8 24.Bf4 d5 25.Qd2 Kg7 26.Qe3 Bxf4 27.Rxf4 d4 28.Qg3 dxc3 29.h8=Q+ Kxh8
30.Rh4+ Kg8 31.Bf7+ Kxf7 32.Qxc7+  1-0

[Event "2nd Chennai Open"]
[Site "Chennai IND"]
[Date "2010.01.30"]
[Round "7"]
[White "Vaibhav,S"]
[Black "Himanshu,Sh"]
[Result "1-0"]
[WhiteElo "2326"]
[BlackElo "2457"]

1.e4 c5 2.Nf3 e6 3.d4 cxd4 4.Nxd4 Nc6 5.Nc3 Qc7 6.Be2 a6 7.O-O b5 8.Nxc6 dxc6
9.a4 b4 10.Nb1 Nf6 11.Nd2 Bd6 12.Nc4 Bxh2+ 13.Kh1 Bf4 14.e5 Bxc1 15.Nd6+ Kf8
16.Qxc1 Ne8 17.Qd2 a5 18.Rad1 Nxd6 19.exd6 Qd7 20.Rfe1 h5 21.f4 Bb7 22.Bf3 Rh6
23.Re5 h4 24.Kh2 Kg8 25.f5 h3 26.fxe6 fxe6 27.Bg4 Kh8 28.Bxh3 c5 29.Qe3 Qc6
30.Rd2 Bc8 31.Rxc5 Qe8 32.Rg5 Bd7 33.Qe5 Qf7 34.b3 Rc8 35.Rf2 Rf6 36.Rxf6 gxf6
37.Rh5+ Kg7 38.Qg3+ Qg6 39.Rxa5 Qxg3+ 40.Kxg3 Rc3+ 41.Kh2 Rc6 42.Ra7 Rxd6
43.Bxe6 Rxe6 44.Rxd7+ Kg6 45.Rb7  1-0

[Event "2nd Chennai Open"]
[Site "Chennai IND"]
[Date "2010.01.31"]
[Round "8"]
[White "Roy Chowdhury,S"]
[Black "Rahman,Zia"]
[Result "0-1"]
[WhiteElo "2413"]
[BlackElo "2548"]

1.e4 c5 2.Nf3 e6 3.d4 cxd4 4.Nxd4 Nc6 5.Nc3 Qc7 6.g3 a6 7.Bg2 d6 8.O-O Bd7
9.Be3 Nf6 10.Re1 Be7 11.Nxc6 Bxc6 12.a4 O-O 13.a5 Nd7 14.Qd2 Rae8 15.Na4 f5
16.Nc3 fxe4 17.Nxe4 Ne5 18.Bb6 Qb8 19.b3 Nf3+ 20.Bxf3 Rxf3 21.Rad1 d5 22.Nc5 Bxc5
23.Bxc5 e5 24.Qb4 Qc8 25.Bd6 Qf5 26.Qc5 Re6 27.Rxd5 Bxd5 28.Qxd5 e4 29.Qc4 h5
30.Bc5 Kh7 31.Rd1 h4 32.Rd5 Qg4 33.b4 hxg3 34.hxg3 Rh6  0-1

[Event "Open A"]
[Site "Moscow RUS"]
[Date "2010.01.31"]
[Round "2"]
[White "Kovalenko,I"]
[Black "Vorobiov,E"]
[Result "1/2-1/2"]
[WhiteElo "2486"]
[BlackElo "2621"]

1.e4 c5 2.Nf3 Nc6 3.d4 cxd4 4.Nxd4 e6 5.Nc3 Qc7 6.Be3 a6 7.Qd2 Nf6 8.O-O-O Bb4
9.f3 O-O 10.a3 Be7 11.g4 b5 12.g5 Ne8 13.h4 b4 14.Nxc6 Qxc6 15.axb4 Bxb4
16.h5 d6 17.Qd4 Bc5 18.Qd3 Rb8 19.Bxc5 Qxc5 20.f4 Qb4 21.b3 a5 22.Qd4 Qa3+
23.Kd2 f5 24.exf5 Rxf5 25.Bd3 Qc5 26.Qxc5 Rxc5 27.Rde1 Bd7 28.Rh2 d5 29.f5 d4
30.Ne2 exf5 31.Nxd4 Nd6 32.Re7 Rd5 33.Nf3 a4 34.bxa4 Kf8 35.Ree2 Bxa4 36.Rh4 Bb5
37.Rd4 Rxd4 38.Nxd4 Bxd3 39.cxd3 Rb2+ 40.Ke3 Rxe2+ 41.Nxe2 g6 42.h6 Ke7 43.Nd4 Nf7
44.Kf4 Kd6 45.Nb5+ Kc6 46.Nd4+ Kd6 47.Nxf5+  1/2-1/2

[Event "ch-ROU m"]
[Site "Baile Olanesti ROU"]
[Date "2010.02.01"]
[Round "2"]
[White "Pop,A"]
[Black "Dragomirescu,R"]
[Result "0-1"]
[WhiteElo "2067"]
[BlackElo "2348"]

1.e4 c5 2.Nf3 e6 3.d4 cxd4 4.Nxd4 Nc6 5.Nc3 Qc7 6.g3 a6 7.Bg2 d6 8.O-O Bd7
9.Re1 Nf6 10.Nxc6 bxc6 11.f4 e5 12.h3 h5 13.Be3 Be7 14.Na4 Rb8 15.b3 O-O
16.c4 Rfe8 17.Qd2 Bf8 18.Rad1 Bc8 19.Qf2 exf4 20.Bxf4 Nd7 21.c5 Ne5 22.cxd6 Bxd6
23.Qd4 Bb4 24.Bxe5 Qxe5 25.Qxe5 Rxe5 26.Rd8+ Kh7 27.Rc1 Be7 28.Rd3 Bb7 29.Nb2 c5
30.Nc4 Re6 31.e5 f6 32.Bxb7 Rxb7 33.Rd5 fxe5 34.Rxe5 Rxe5 35.Nxe5 Bd6 36.Nd3 Bxg3
37.Nxc5 Re7 38.Nxa6 Re2 39.a4 Kg6 40.b4 Kf5 41.b5 Kf4 42.b6 Rb2 43.Rc4+ Kf3
44.Rc3+ Kf4 45.Rc4+ Kf3 46.Rc3+ Kf4 47.a5 Bf2+ 48.Kf1 Be3 49.Nc5 Kf3 50.Nd3 Rb1+
51.Ne1+ Ke4 52.Rc6 Bd2 53.a6 Rxe1+ 54.Kf2 Ra1 55.Rc4+ Kd3 56.b7 Be3+ 57.Kf3 Ba7
58.Rc8 Rxa6 59.b8=Q Bxb8 60.Rxb8 Rf6+ 61.Kg3 Ke4 62.Kh4 g6 63.Kg5 Re6 64.Rg8 Kf3
65.h4 Kg3 66.Rc8 Re5+ 67.Kxg6 Kxh4 68.Kf6 Rg5 69.Rc4+ Rg4 70.Rc2 Kh3 71.Kf5 h4
72.Rc3+ Rg3 73.Rc2  0-1

[Event "8th Gibtelecom Masters"]
[Site "Caleta ENG"]
[Date "2010.02.01"]
[Round "7"]
[White "Tate,A"]
[Black "Bellon Lopez,JuM"]
[Result "1-0"]
[WhiteElo "2210"]
[BlackElo "2440"]

1.e4 c5 2.Nf3 e6 3.d4 cxd4 4.Nxd4 Nc6 5.Nc3 Qc7 6.Be3 a6 7.Qd2 Nf6 8.O-O-O b5
9.Nxc6 Qxc6 10.f3 Bb4 11.Bd4 O-O 12.Kb1 Be7 13.g4 d6 14.g5 Nd7 15.h4 Ne5
16.Qg2 Bb7 17.a3 Nc4 18.Bxc4 Qxc4 19.Bf6 Qc7 20.h5 Rfc8 21.Rdg1 Kh8 22.Bxe7 Qxe7
23.g6 Qf6 24.gxf7 Qxf7 25.h6 g6 26.Qd2 Qe7 27.Rd1 Rd8 28.Rh2 Rac8 29.Qe3 Rc4
30.Rhd2 e5 31.Rd3 b4 32.axb4 Rxb4 33.Qc5 Rd4 34.Rxd4 exd4 35.Qxd4+ Kg8 36.e5 Bxf3
37.exd6 Qf8 38.Qc4+ Kh8 39.Qd4+ Kg8 40.Rf1 Rxd6 41.Qc4+ Qf7 42.Qc8+ Qf8 43.Qc4+ Qf7
44.Qc8+ Qf8 45.Qxf8+ Kxf8 46.Rxf3+ Ke7 47.Ne4 Rd1+ 48.Ka2 Rg1 49.Rb3 Rg4
50.Rb7+ Ke6 51.Nc3 g5 52.Rxh7  1-0

[Event "2nd Chennai Open"]
[Site "Chennai IND"]
[Date "2010.02.01"]
[Round "9"]
[White "Iuldachev,S"]
[Black "Fenil,S"]
[Result "1/2-1/2"]
[WhiteElo "2519"]
[BlackElo "2201"]

1.e4 c5 2.Nf3 e6 3.d4 cxd4 4.Nxd4 Nc6 5.Nc3 Qc7 6.Be3 a6 7.Qd2 Nf6 8.O-O-O Be7
9.f3 h5 10.Kb1 b5 11.Nxc6 dxc6 12.Qf2 Rb8 13.Qg3 e5 14.Bd4 Nd7 15.Be3 Nf6
16.h4 Be6 17.Ne2 c5 18.Nc3 Kf8 19.Be2 c4 20.Qf2 Qc6 21.Bg5 b4 22.Nd5 Bxd5
23.Bxf6 gxf6 24.exd5 Qb6 25.Qxb6 Rxb6 26.Bxc4 f5 27.Rhe1 Bd6 28.Bd3 f4 29.Bf5 Rg8
30.Re2 Ke7 31.Rc1 Rb7 32.c3 a5 33.cxb4 axb4 34.Rc6 Rb5 35.Be4 Ra8 36.Rec2 Rba5
37.b3 Rb8  1/2-1/2